[Event "29th Czech Open-Rapid 2018"]
[Site "Pardubice"]
[Date "2018.07.18"]
[Round "3"]
[White "Skoloud, Barnabas"]
[Black "Mirzoeva, Elmira"]
[Result "0-1"]
[WhiteElo "1637"]
[BlackElo "2249"]
[Annotator "TA"]
[PlyCount "84"]
[EventDate "2018.07.18"]
[EventType "swiss"]
[EventCountry "CZE"]
[SourceTitle "playchess.com"]
[Source "ChessBase"]
[SourceQuality "1"]

{[%evp 24,83,1,0,23,1,37,0,22,17,42,21,54,57,70,58,131,102,84,0,0,-10,0,-7,0,-18,-5,-35,-43,-92,-83,-86,-94,-78,-56,-175,-195,-293,-260,-253,-257,-448,-300,-298,-291,-270,-290,-718,-662,-779,-779,-797,-797,-29988,-29989,-29989,-29990,-29997,-29998,-29998,-29999,-29999]} 1. e4 c5 2. c4 Nc6 3. Nc3 g6 4. g3 Bg7 5. Bg2 d6 6. Nge2 e6 7. O-O Nge7 8. d3 O-O 9. Be3 Nd4 10. Qd2 Nec6 11. Bh6 Rb8 12. Bxg7 {A36: Symmetrical English vs ...g6: 4 Bg2 Bg7} Kxg7 13. f4 {LiveBook: 6 Games} a6 14. Rf2 $146 {White has an edge.} ({Predecessor:} 14. Nxd4 Nxd4 15. e5 f5 16. exf6+ Qxf6 17. b4 b6 18. Ne4 Qe7 19. Rab1 Bb7 20. bxc5 bxc5 {½-½ (53) Filipets,E (2366)-Fedorov,A (2572) Minsk 2018}) 14... b5 15. Raf1 f5 16. b3 Qa5 17. Qb2 Kg8 18. Nxd4 Nxd4 19. Ne2 bxc4 ({Black should play} 19... Qb6 $14) 20. Nxd4 cxd4 21. Qxd4 (21. dxc4 $16 Qc5 22. exf5) 21... cxb3 $11 22. axb3 Rxb3 23. exf5 Qxf5 24. Qxd6 Qxd3 25. Qc7 Qd4 26. Kh1 Rc3 $36 {[%mdl 2048] White is under strong pressure.} 27. Qa5 Qc5 28. Qa2 a5 {[%cal Ba6a5,Ba5a4,Ba4a3][%mdl 32]} 29. Ra1 {[#]} (29. Rd2 $15) 29... a4 $1 $19 {[%mdl 512]} 30. Kg1 (30. Rd1 {is a better defense.}) (30. Qxa4 Qxf2) 30... a3 31. Bh3 Kh8 32. Re1 $2 (32. Qe2) 32... Rc1 33. Rxc1 Qxc1+ 34. Bf1 Rd8 35. Rc2 $2 (35. h4) 35... Qe3+ 36. Rf2 Bb7 37. Qa1+ Kg8 {[#] ( -> ...Rd2)} 38. Bc4 Qe4 {[%csl Gb7][%cal Re4h1] Black mates.} 39. Bxe6+ Qxe6 40. Qxa3 Rd1+ 41. Rf1 Qb6+ 42. Qe3 Qxe3# {Precision: White = 37%, Black = 43%.} 0-1

[Event "29th Czech Open-Rapid 2018"]
[Site "Pardubice"]
[Date "2018.07.19"]
[Round "4"]
[White "Bernadskiy, Vitaliy"]
[Black "Zwardon, Vojtech"]
[Result "1-0"]
[WhiteElo "2631"]
[BlackElo "2486"]
[Annotator "TA"]
[PlyCount "61"]
[EventDate "2018.07.18"]
[EventType "swiss"]
[EventCountry "CZE"]
[SourceTitle "playchess.com"]
[Source "ChessBase"]
[SourceQuality "1"]

{[%evp 9,61,5,47,38,43,23,16,27,28,19,51,45,74,58,93,108,179,160,222,228,226,233,353,349,317,317,339,241,629,431,546,525,549,544,616,604,653,598,910,880,935,932,900,906,896,877,1222,1222,1206,1177,2022,1229,1079,962]} 1. d4 Nf6 2. Bg5 Ne4 3. Bf4 d5 4. f3 Nf6 5. Nc3 Bf5 {LiveBook: 21 Games} 6. Qd2 {A45: Trompowsky Attack} (6. e4 dxe4 7. Bc4 e6 8. Qe2 Bb4 9. O-O-O Bxc3 10. bxc3 O-O 11. Bg5 h6 12. fxe4 hxg5 13. exf5 exf5 {1-0 (34) Ponkratov,P (2605)-Akopian,V (2691) Khanty-Mansiysk 2013}) 6... h6 $146 ({Predecessor:} 6... e6 7. g4 Bg6 8. h4 h6 9. h5 Bh7 10. e3 Bd6 11. Bd3 Bxd3 12. Qxd3 Nc6 13. Nge2 Qe7 14. Bxd6 Qxd6 {1-0 (70) Farkas,A (2169)-Mate,L (2330) Hungary 2014}) 7. e3 e6 8. g4 {[%cal Bg2g4,Bg4g5][%mdl 32] The position is equal.} Bh7 9. h4 Be7 10. O-O-O a6 11. Nge2 Nbd7 12. Ng3 $36 {[%mdl 2048] White is in control.} Bd6 (12... Bg6 $16 {was necessary.}) 13. g5 $18 Bxf4 (13... Ng8 $16 {was called for.}) 14. exf4 Ng8 {[#]} 15. f5 $1 {[%mdl 512]} Bxf5 (15... Ne7 $142) (15... exf5 16. Re1+) 16. Nxf5 exf5 17. Nxd5 Nf8 18. Re1+ Kd7 $2 (18... Ne6) 19. Bd3 {White is clearly winning.} g6 20. Qb4 Kc8 21. Qc4 {Re8! is the strong threat.} Kb8 {[#] intending ...Ne6.} 22. Nxc7 $1 {[%mdl 512] Threatens to win with Re8.} Ne6 (22... Qxc7 23. Re8+) 23. Nxa8 Kxa8 24. d5 {[%cal Bd4d5,Bd5d6,Bd6d7][%mdl 32]} Nc7 25. Qd4 Rh7 26. Qb6 Qc8 27. Re5 hxg5 28. d6 Ne6 {[#]} 29. Bxa6 $1 {[%mdl 512]} Qc6 (29... bxa6 30. d7) 30. Qxc6 bxc6 31. d7 {Precision: White = 83%, Black = 38%.} 1-0

[Event "29th Czech Open-Rapid 2018"]
[Site "Pardubice"]
[Date "2018.07.19"]
[Round "4"]
[White "Potapov, Pavel"]
[Black "Sengupta, Deep"]
[Result "1-0"]
[WhiteElo "2585"]
[BlackElo "2482"]
[Annotator "TA"]
[PlyCount "71"]
[EventDate "2018.07.18"]
[EventType "swiss"]
[EventCountry "CZE"]
[SourceTitle "playchess.com"]
[Source "ChessBase"]
[SourceQuality "1"]

{[%evp 13,71,0,28,-15,31,0,8,8,14,-8,22,18,36,35,37,28,45,47,77,67,54,50,83,88,133,129,185,147,200,69,206,194,179,167,205,211,304,299,710,703,811,811,1083,1058,1040,1027,986,847,1326,1051,956,722,2436,2290,2263,1716,29963,6270,29973,29969]} 1. e4 c6 2. d4 d5 3. e5 c5 4. dxc5 e6 5. a3 (5. Nf3 Bxc5 6. a3 Nd7 7. Bd3 f6 8. b4 Be7 9. Bb2 fxe5 10. Nxe5 Nxe5 11. Bxe5 Bf6 12. O-O Nh6 13. Bxf6 Qxf6 {1-0 (70) Jakovenko,D (2735)-Fedoseev,V (2706) Poikovsky 2018}) 5... Bxc5 6. Qg4 {B12: Caro-Kann: Advance Variation} Kf8 7. b4 Bb6 {LiveBook: 4 Games} 8. Bb2 {White has an edge.} a5 $146 ({Predecessor:} 8... Ne7 9. Bd3 Ng6 10. Nf3 Nc6 11. O-O Nce7 12. Nc3 Nf5 {1-0 (86) Antipov,M (2478)-Filipets,E (2076) Moscow 2013}) 9. b5 Nd7 {[%cal Bb8d7,Bd7c5,Bc5e4][%mdl 32]} 10. Nf3 Ne7 11. Nbd2 Qc7 12. Bd3 Ng6 {[%cal Rd7e5]} 13. Qg3 Nc5 14. Rc1 Bd7 15. O-O Rc8 16. h4 Ne7 17. Nb3 Ne4 18. Qf4 $1 f5 19. c4 {[%cal Bc2c4,Bc4c5][%mdl 32]} Qd8 {[#]} (19... a4 $16 {might work better.}) 20. a4 $1 $18 h6 (20... dxc4 $16 21. Bxc4 Ng6) 21. Ba3 ({White should play} 21. Bd4 $18) 21... Kg8 (21... g5 $1 $14 22. hxg5 Kg7 23. Bxe7 Qxe7) 22. c5 Bc7 23. Nbd4 {And now c6 would win.} g5 {[#]} 24. Qe3 $1 ({Weaker is} 24. hxg5 hxg5 25. Qe3 f4 $15) 24... Bb8 (24... Qe8 $142) 25. hxg5 Ng6 $2 (25... Qe8 26. c6 bxc6 27. Bxe7 Qxe7) 26. c6 bxc6 27. bxc6 Nxe5 28. cxd7 Rxc1 29. Rxc1 {Black must now prevent Rc8.} Qxd7 30. Bb5 Qf7 31. Nxe5 Bxe5 32. Nc6 Bd6 33. Bxd6 Nxd6 34. Ne5 Qg7 35. g6 Qe7 36. Qb6 {Precision: White = 71%, Black = 13%.} 1-0

[Event "29th Czech Open-Rapid 2018"]
[Site "Pardubice"]
[Date "2018.07.19"]
[Round "4"]
[White "Boruchovsky, Avital"]
[Black "Meleshko, Vladimir"]
[Result "0-1"]
[WhiteElo "2576"]
[BlackElo "2284"]
[Annotator "TA"]
[PlyCount "76"]
[EventDate "2018.07.18"]
[EventType "swiss"]
[EventCountry "CZE"]
[SourceTitle "playchess.com"]
[Source "ChessBase"]
[SourceQuality "1"]

{[%evp 14,76,36,17,41,35,45,47,66,54,57,14,19,12,8,12,147,0,-12,-35,-30,-70,0,0,0,0,0,0,0,0,0,0,0,0,0,0,0,0,0,0,0,0,0,0,0,0,23,0,0,0,0,0,0,-29979,-29981,-29980,-29981,-29981,0,-442,0,-29981,-29982,-29980,-29981]} 1. d4 Nf6 2. Nf3 e6 3. c4 d5 4. Nc3 Be7 5. Bg5 O-O 6. Qc2 c5 7. dxc5 dxc4 8. e3 {LiveBook: 9 Games. D53: Queen's Gambit Declined: 4 Bg5 Be7: Early deviations} (8. e4 Nfd7 9. Bf4 b5 10. cxb6 Nxb6 11. Rd1 Qe8 12. Be2 Na6 13. Ne5 Nb4 14. Qc1 Ba6 15. a3 Nc6 {1-0 (40) Kramnik,V (2760)-Inarkiev,E (2688) Moscow 2014 CBM 164 [Krasenkow,M]}) 8... Na6 9. Bxc4 Nxc5 10. O-O {White is slightly better.} a6 11. Rfd1 Qe8 12. a4 b6 13. Bxf6 $146 ({Predecessor:} 13. Ne5 Bb7 14. Bf1 {1-0 (41) Khenkin,I (2570)-Siegel,G (2490) Neuchatel 1997}) 13... Bxf6 14. b4 Bxc3 (14... Nd7 $11 {keeps the balance.}) 15. Qxc3 $2 (15. Ng5 $16 {[%csl Gg5][%cal Rc2h7]} g6 16. Qxc3 Nxa4 17. Qe5) 15... Nxa4 $11 16. Qd4 Bb7 17. Ne5 Rd8 ({Black should play} 17... b5 $15 18. Be2 Rd8) 18. Qxd8 Qxd8 19. Rxd8 Rxd8 20. Rxa4 {[#] Black must now prevent Ra1.} b5 21. Ra1 {Strongly threatening Bf1.} bxc4 22. Nxc4 {[%mdl 4096] Endgame KRB-KRN} Kf8 23. f3 Bd5 24. Nb6 Bb7 25. Rc1 Rd6 26. Na4 Bc6 27. Nc5 Bb5 28. Ne4 Rd3 29. Kf2 f5 30. Rc8+ Ke7 31. Nc5 Rd2+ 32. Kg3 Bf1 {Threatens to win with ...g5.} 33. Rc6 $2 {[%mdl 8192] [#]} (33. Rc7+ $11 Kf6 34. Nd7+ Kg5 35. h4+ Kh5 36. Nf8) 33... g5 $1 34. Rc7+ Ke8 35. Rc8+ Ke7 (35... Kf7 $142 36. Rc7+ Kg6 37. Rg7+ Kxg7 38. Nxe6+ Kf6 39. Nxg5 Kxg5 40. h4+ Kf6 41. Kf4 Rxg2 42. e4 Rb2 43. Ke3 fxe4 44. fxe4 Rxb4 45. Kf2 Rb2+ 46. Kf3 Ke5 47. Kg4 Rg2+ 48. Kh5 Kxe4 49. Kh6 a5 50. Kh5 a4 51. Kh6 a3 52. Kh5 a2 53. Kh6 a1=Q 54. Kh5 Be2+ 55. Kh6 Qg7#) 36. Rc7+ $19 Ke8 (36... Kf6 $19 37. Nd7+ Kg7 38. Ne5+ Kh6 39. Nf7+ Kh5 40. Nxg5 Kxg5 41. h4+ Kg6) 37. Rc8+ Kf7 38. Rc7+ Kg6 {Precision: White = 67%, Black = 59%.} 0-1

[Event "29th Czech Open-Rapid 2018"]
[Site "Pardubice"]
[Date "2018.07.19"]
[Round "4"]
[White "Stocek, Jiri"]
[Black "Chekletsov, Ilya"]
[Result "1-0"]
[WhiteElo "2528"]
[BlackElo "2273"]
[Annotator "TA"]
[PlyCount "119"]
[EventDate "2018.07.18"]
[EventType "swiss"]
[EventCountry "CZE"]
[SourceTitle "playchess.com"]
[Source "ChessBase"]
[SourceQuality "1"]

{[%evp 17,119,28,36,20,49,31,54,37,33,34,31,37,35,22,40,30,61,46,56,62,58,30,71,56,52,42,83,78,132,74,137,121,113,116,156,91,337,333,341,337,388,317,293,-4,206,102,115,116,104,77,58,24,36,14,12,14,14,8,8,8,10,8,8,8,23,17,58,57,59,55,74,74,74,74,74,74,75,74,78,0,91,81,457,463,904,884,868,678,4922,7979,5962,8,848,608,29972,29973,29970,8,29969,29974,29974,29975,29971,29969]} 1. Nf3 Nf6 2. c4 e6 3. b3 b6 4. Bb2 Bb7 5. g3 g6 6. Bg2 Bg7 7. O-O O-O 8. d4 {A15: English Opening: 1...Nf6} d6 9. Qc2 Nbd7 {LiveBook: 8 Games} 10. Re1 $146 {White is slightly better.} ({Predecessor:} 10. Nc3 c5 11. Rad1 Qe7 12. dxc5 Nxc5 13. Nd4 Bxg2 14. Kxg2 a6 15. b4 Qb7+ 16. Nf3 {½-½ (32) Artemiev,V (2653)-Amonatov,F (2614) Almaty 2016}) 10... Re8 11. Nc3 e5 12. Nxe5 Bxg2 13. Nxd7 Nxd7 14. Kxg2 Bxd4 15. Rad1 Bg7 16. e4 a5 17. f4 Rc8 18. Re2 Qe7 19. a3 Qf8 20. b4 axb4 21. axb4 Nf6 22. h3 {[%cal Bh2h3,Bh3g4][%mdl 32]} h5 (22... Qe7 $142) 23. Rde1 ({White should play} 23. e5 dxe5 24. fxe5) 23... Kh7 ({Black should try} 23... Nd7) 24. Qd3 Rcd8 25. Qf3 Rc8 26. g4 ({Better is} 26. e5 dxe5 27. fxe5) 26... hxg4 $2 (26... Kg8 $16) 27. hxg4 $18 Kg8 28. Rh1 c6 29. Qh3 Qe7 30. b5 $2 (30. e5 $18 Nd7 31. e6 fxe6 32. Qh7+ Kf8 33. Qxg6) 30... Qd7 $2 (30... Qe6 $11 {and Black has nothing to worry.}) 31. bxc6 (31. f5 $1 $18 {and the rest is easy.} Kf8 32. Qh4) 31... Qxg4+ $16 32. Qxg4 Nxg4 33. Kf3 (33. Nd5 {seems wilder.} Rxc6 34. Kg3 Bxb2 35. Rxb2 f5 36. exf5 gxf5 37. Rh5) 33... f5 34. exf5 (34. Nd5 {looks sharper.} Rxc6 35. Bxg7 Kxg7 36. Ra2 Rf8 37. exf5 gxf5 38. Rh5) 34... Rxe2 $1 35. Nxe2 (35. Kxe2 {is interesting.} Rxc6 36. fxg6 Rxc4 37. Kf3 Nf6 38. Ne2) 35... Bxb2 36. Kxg4 {Black must now prevent Rb1.} gxf5+ 37. Kxf5 {aiming for Rb1.} Rxc6 $14 {[%mdl 4096] Endgame KRB-KRN} 38. Rb1 Bg7 39. Rb4 Kf7 40. Ke4 Ke6 41. f5+ Kd7 42. Nf4 {Hoping for Nd5.} Bc3 43. Ra4 Rc5 44. Nd5 Ba5 45. Kd4 Ke8 46. Ra2 Kf7 47. Rb2 Kf8 48. Ra2 Kf7 49. f6 Kf8 $2 {[%mdl 8192]} (49... Rc8 $16 50. Rh2 Rd8) 50. Rh2 $18 b5 (50... Kg8 $142 51. Rb2 Kf7) 51. Rh8+ Kf7 52. Rh7+ Kf8 53. cxb5 Rxb5 {[#]} 54. Rd7 $2 (54. Nf4 $1 $18 {[%cal Rf4g6] Intending Ng6+ and mate.} Bb6+ 55. Kd3) 54... Rb1 $2 {[%mdl 8192] [#]} (54... Bd2 $11) 55. Nf4 $1 {[%cal Rf4e6] Ne6+ would kill now.} Rf1 56. Ne6+ Kg8 57. Rg7+ Kh8 58. f7 {White mates.} Bb6+ 59. Kd5 Rf5+ 60. Kc6 {Precision: White = 49%, Black = 37%.} 1-0

[Event "29th Czech Open-Rapid 2018"]
[Site "Pardubice"]
[Date "2018.07.19"]
[Round "4"]
[White "Geller, Jakov"]
[Black "Kobo, Ori"]
[Result "1-0"]
[WhiteElo "2515"]
[BlackElo "2456"]
[Annotator "TA"]
[PlyCount "67"]
[EventDate "2018.07.18"]
[EventType "swiss"]
[EventCountry "CZE"]
[SourceTitle "playchess.com"]
[Source "ChessBase"]
[SourceQuality "1"]

{[%evp 19,67,31,36,39,46,0,12,0,0,16,45,14,27,0,10,0,12,18,19,0,0,0,168,163,216,188,185,204,379,366,701,709,708,573,554,527,2022,1996,1864,1719,1302,1257,29991,29992,29993,29994,29996,29997,29997,29998]} 1. e4 g6 2. d4 Bg7 3. Nc3 d6 4. Be3 a6 5. Qd2 b5 6. O-O-O Bb7 {B06: Modern Defence} 7. f3 Nd7 8. h4 h6 9. Nh3 (9. Kb1 Nb6 10. Bd3 Nf6 11. Nh3 Nfd7 12. Nf4 e6 13. Nce2 {0-1 (43) Fressinet,L (2662)-Petrosian,T (2601) Riadh 2017}) 9... Ngf6 10. g4 {[%cal Bg2g4,Bg4g5][%mdl 32]} Nb6 {LiveBook: 7 Games} 11. d5 h5 12. g5 Nfd7 13. Bd4 Bxd4 14. Qxd4 O-O $146 15. f4 e5 $1 {[%cal Re5d4]} 16. fxe5 Nxe5 17. Nf4 Qe7 18. Be2 Bc8 19. Bxh5 gxh5 20. Nxh5 Nbd7 $2 {[#]} (20... f5 $11 {and Black stays safe.}) 21. Rhg1 $1 $18 {[%mdl 1024] White has strong compensation.} Kh7 (21... Kh8 $142) 22. Ne2 {[%cal Bc3e2,Be2g3,Bg3f5][%mdl 32]} Rg8 {Black wants to play ...Nf3.} 23. Rdf1 Bb7 $2 (23... Kh8 24. Neg3 Qf8) 24. Neg3 Raf8 $2 (24... Qe8 25. Nf5 Bc8) 25. Nf5 Qd8 26. Qd1 Rg6 27. Nf4 {[%cal Bh5f4,Bf4g6,Bg6e5][%mdl 32] Qh5+ is the strong threat.} Nc5 28. Qh5+ Kg8 29. Nh6+ Kg7 {[#]} 30. Nxf7 $1 {[%mdl 512]} Rxf7 (30... Nxf7 31. Nxg6) 31. Nxg6 {White mates.} Rxf1+ 32. Rxf1 Nf7 {[#]} 33. Rxf7+ $1 {[%mdl 512]} Kxf7 34. Ne5+ {Precision: White = 74%, Black = 50%.} 1-0

[Event "29th Czech Open-Rapid 2018"]
[Site "Pardubice"]
[Date "2018.07.19"]
[Round "4"]
[White "Gasanov, Eldar"]
[Black "Movsesian, Sergei"]
[Result "1/2-1/2"]
[WhiteElo "2514"]
[BlackElo "2633"]
[Annotator "TA"]
[PlyCount "151"]
[EventDate "2018.07.18"]
[EventType "swiss"]
[EventCountry "CZE"]
[SourceTitle "playchess.com"]
[Source "ChessBase"]
[SourceQuality "1"]

{[%evp 18,151,11,13,10,4,13,9,15,14,22,14,22,25,25,0,25,0,39,-10,0,-91,14,16,22,-54,-54,-54,-44,-49,-35,-64,-49,-54,-28,-55,-31,-31,-35,-22,-27,-32,-37,-63,-75,-57,-23,-25,-29,-39,-32,-27,-27,-34,-17,-46,-21,-12,14,25,25,25,31,27,22,1,17,0,0,0,0,-10,-10,-11,-11,-12,-11,-10,-2,-78,-88,-229,-179,-181,-180,-172,-171,-169,-87,-87,-87,-101,-72,-75,-75,-70,-70,-70,-70,-91,-91,-101,-58,-66,-73,-80,-84,-285,-316,-321,-321,-321,-321,-519,-468,-806,-792,-737,-725,-317,-510,-404,-77,-75,-22,-22,-19,-47,-8,-14,-8,-8,0,0,0,0]} 1. d4 Nf6 2. c4 e6 3. Nf3 d5 4. e3 a6 5. b3 c5 6. Bb2 {D30: Queen's Gambit Declined: Systems without Nc3} (6. cxd5 exd5 7. Be2 cxd4 8. Nxd4 Bd6 9. O-O Qe7 10. Nd2 Nc6 11. Bb2 O-O 12. N2f3 Ne4 {½-½ (37) Laznicka,V (2671)-Van Wely,L (2667) Brest 2018}) 6... cxd4 7. exd4 Nc6 8. Bd3 Be7 $146 ({Predecessor:} 8... b6 9. O-O Bb7 10. Nbd2 Be7 11. Rc1 dxc4 12. bxc4 O-O {1-0 (32) Forcen Esteban,D (2498)-Perez Candelario,M (2561) La Roda 2014}) 9. O-O O-O 10. Nbd2 {LiveBook: 3 Games} b6 11. Rc1 Bb7 12. Qe2 dxc4 13. bxc4 b5 14. c5 Nd5 15. Bb1 Qc7 16. Ne4 Rad8 17. Rfe1 g6 18. Ne5 Rfe8 19. Qf3 {[#]} (19. Qd2 $11 {remains equal.}) 19... f6 (19... f5 $1 $17 20. Nd6 Bxd6 21. cxd6 Qxd6) 20. Nxc6 $11 Bxc6 21. Qg3 (21. Nc3 $11) 21... Qxg3 $15 22. hxg3 f5 23. Nd2 Bf6 24. Nb3 Kf7 25. Na5 Rc8 26. a4 Ne7 27. Ba2 Bd5 28. Bxd5 Nxd5 29. axb5 axb5 30. Nb7 Be7 31. Ra1 Rc7 32. Na5 $1 Ra8 33. Nc4 Rca7 34. Ne5+ Ke8 35. Rab1 Ra6 36. Nd3 Kd7 37. Bc1 Rb8 38. Bf4 Nxf4 39. gxf4 Bf6 40. Nb4 Ra4 41. Red1 Rc8 42. Rb3 Rca8 43. d5 Ra1 $36 {[%mdl 2048] Black is pushing.} 44. dxe6+ Kxe6 45. Re3+ Kf7 46. Ree1 Rxd1 47. Rxd1 $11 {[%mdl 4096] Endgame KRB-KRN} Be7 48. Rd7 (48. Rc1 $11 {keeps the balance.}) 48... Ke6 $17 49. Rc7 (49. Rb7 $17) 49... Ra4 50. Nd3 Rd4 51. Ne5 {Threatens to win with Rxe7+!} Rxf4 52. g3 {[#]} Ra4 ({Better is} 52... Re4 $1 $19 {[%cal Re4e5]} 53. Nd3 g5) 53. Nd3 g5 54. Kf1 Rc4 55. Ke2 h5 56. Rb7 Bxc5 {White must now prevent ...h4.} 57. Rxb5 Bd6 {Hoping for ...h4.} 58. Rb7 Bc7 59. Ra7 h4 60. Ra6+ Bd6 {...h3 is the strong threat.} 61. gxh4 gxh4 {[%cal Bg5h4,Bh4h3,Bh3h2][%mdl 32] And now ...h3 would win.} 62. Ra8 $2 (62. Ra7 $17) 62... h3 $19 63. Rh8 h2 64. f4 Kd5 65. Kf3 $2 (65. Ke3 Re4+ 66. Kf3) 65... Rc3 66. Ke3 (66. Ke2 $142) 66... Kc4 67. Rc8+ Kb3 68. Rh8 Bc5+ 69. Ke2 Rc2+ $2 (69... Bd4 $19 {and Black stays clearly on top.} 70. Rh7 Kc4) 70. Kf3 $17 Bb6 (70... Bd4 $17 71. Ne5 Bc3) 71. Ne5 $11 Bg1 72. Kg3 Rc7 73. Kg2 {The position is equal.} Rg7+ 74. Kh1 Bd4 75. Kxh2 Bxe5 76. fxe5 {Precision: White = 46%, Black = 44%.} 1/2-1/2

[Event "29th Czech Open-Rapid 2018"]
[Site "Pardubice"]
[Date "2018.07.19"]
[Round "4"]
[White "Shyam, Sundar R"]
[Black "Sadhwani, Raunak"]
[Result "1-0"]
[WhiteElo "2505"]
[BlackElo "2322"]
[Annotator "TA"]
[PlyCount "127"]
[EventDate "2018.07.18"]
[EventType "swiss"]
[EventCountry "CZE"]
[SourceTitle "playchess.com"]
[Source "ChessBase"]
[SourceQuality "1"]

{[%evp 18,127,0,-7,-4,-15,-15,-12,-12,-2,-9,-19,0,-10,16,19,14,14,14,14,41,0,15,2,16,7,26,5,49,29,26,4,12,0,0,0,0,0,154,160,169,204,171,135,258,270,263,261,225,22,300,274,271,268,173,173,179,122,216,227,340,338,429,433,401,450,417,362,564,563,854,841,1005,985,863,836,1028,1028,1028,1028,1028,1021,1021,1021,1014,1001,1014,828,797,852,835,854,1245,794,1725,1659,1666,1554,1617,1580,1573,1470,1353,1301,6195,5783,29971,29974,29977,29978,29965,11275]} 1. d4 Nf6 2. c4 e6 3. Nc3 Bb4 4. e3 O-O 5. Bd2 c5 6. a3 {E46: Nimzoindisch (Rubinstein-System)} Bxc3 7. Bxc3 Ne4 8. Rc1 b6 9. Nf3 Bb7 10. Be2 {LiveBook: 3 Partien} d6 11. b3 (11. O-O Nxc3 12. Rxc3 Nd7 13. dxc5 Nxc5 {½-½ (32) Mirzoev,A (2555)-Adams,M (2697) Konya 2010}) 11... Nxc3 12. Rxc3 Qe7 13. O-O Nd7 14. Nd2 $146 ({Vorgänger:} 14. dxc5 dxc5 15. Rd3 Rad8 16. Qa1 e5 17. e4 Bxe4 18. Re3 f5 19. Nxe5 Nxe5 20. f3 Qg5 21. Qc3 Nd3 {0-1 (21) Grahn,L-Bednarski,J (2365) Slupsk 1978}) 14... Nf6 (14... e5 {looks sharper.} 15. d5 e4 16. b4 f5 17. h3 Rac8) 15. Bf3 e5 16. Bxb7 Qxb7 17. d5 a6 18. e4 b5 19. Re3 Nd7 20. Qe2 Rab8 21. Rg3 g6 22. h4 Nb6 23. h5 (23. cxb5 {feels hotter.} axb5 24. h5 Qe7 25. Ra1 Nd7 26. a4) 23... bxc4 24. Nxc4 Nxc4 25. Qxc4 Qe7 26. Re1 a5 27. Ree3 g5 $2 {[#]} (27... a4 $11) 28. Rxg5+ $1 $16 {[%mdl 512]} Qxg5 29. Rg3 Qxg3 30. fxg3 $18 {[%mdl 4096] Endspiel KD-KTT} Kg7 (30... Ra8 $16 31. h6 f6) 31. Qa6 Rfd8 32. Qxa5 Rd7 33. Qd2 $2 (33. b4 $18) 33... h6 $2 {[%mdl 8192]} (33... Rxb3 $11 34. Qg5+ Kf8) 34. Qd1 {Droht stark Dg4+.} Rdb7 35. Qg4+ Kf8 36. Qf5 {zielt auf Df6 ab.} Ke7 {[#]} 37. g4 ({Lieber} 37. Qh3 $1 $18) 37... Rg8 (37... Rxb3 $16 {war nötig.} 38. g5 hxg5) 38. Qf3 Rgb8 (38... Rc7 $142 39. Kh2 Rb7) 39. Qe3 Rg8 40. Qxh6 {Und g5 würde nun gewinnen.} Rxg4 41. Qe3 Rb8 {[#]} 42. b4 $1 {[%mdl 512]} Rc8 (42... Rbg8 $142) (42... cxb4 43. Qa7+) 43. h6 {[%cal Bh5h6,Bh6h7][%mdl 32]} Rgg8 44. h7 Rh8 45. Qg5+ Kd7 46. Qf6 Kc7 47. Qe7+ Kb6 48. Qxd6+ Kb5 49. Qd7+ Kc4 50. bxc5 Kxc5 51. Qxf7 Kd4 52. Qg6 Kd3 53. d6 Rcd8 54. a4 {[%cal Ba3a4,Ba4a5,Ba5a6][%mdl 32]} Kd4 55. a5 Kc5 56. a6 Rxd6 57. Qg7 Rdd8 58. Qxe5+ Kb6 59. Qf6+ Ka7 60. Qg7+ Kxa6 61. g4 {[%cal Bg2g4,Bg4g5,Bg5g6][%mdl 32]} Rhf8 62. g5 {Weiß setzt Matt.} Kb6 {[#]} 63. Qxf8 $3 {[%mdl 512]} Rxf8 64. g6 {Precision: Weiß = 59%, Schwarz = 31%.} 1-0